Slovensko a svet v roku 2009

Situácia na Slovensku. Krajiny a svetadiely. Biznis. Financie. Situácia vo svete v číslach.

Gespeichert in:
Bibliographische Detailangaben
Format: Buchkapitel
Sprache:Slowakisch
Schlagworte:
Tags: Tag hinzufügen
Keine Tags, Fügen Sie das erste Tag hinzu!

MARC

LEADER 00000naa$a2200000$$$4500
001 0088762
005 20231009085624.8
041 0 |a slo 
044 |a SK 
245 1 0 |a Slovensko a svet v roku 2009 
520 |a Situácia na Slovensku. Krajiny a svetadiely. Biznis. Financie. Situácia vo svete v číslach. 
610 2 0 |a situácia hospodárska 
610 2 0 |a vývoj hospodársky 
610 2 0 |a vývoj sociálny 
610 2 0 |a kríza hospodárska 
610 2 0 |a kríza finančná 
610 2 0 |a financie 
610 2 0 |a údaje štatistické 
610 2 0 |a Slovensko 
610 2 0 |a svet 
610 2 0 |a 2009